Latin American populism in comparative perspective /

Bibliographic Details
Other Authors: Conniff, Michael L.
Format: Book
Language:English
Published: Albuquerque : University of New Mexico Press, [1982]
Edition:1st ed.
Subjects:

MARC

Tag First Indicator Second Indicator Subfields
LEADER 00000pam a2200000 a 4500
001 in00000076128
005 20151008060435.0
008 810709s1982 nmu b s00100 eng
010 |a  80054572  
020 |a 0826305806 :  |c $19.95 
020 |a 0826305814 (pbk.) :  |c $9.95 
020 |a 0826305784 
035 |a (OCoLC)07653293 
035 |9 AAJ5759AM 
039 0 |a 2  |b 3  |c 3  |d 3  |e 3 
040 |a DLC  |c DLC  |d TXA  |d UtOrBLW 
043 |a cl-----  |a n-us---  |a e-ur--- 
049 |a TXAM  |c [1442841] 
050 0 0 |a JL966  |b .L36 
082 0 |a 320.98  |2 19 
245 0 0 |a Latin American populism in comparative perspective /  |c edited by Michael L. Conniff. 
250 |a 1st ed. 
264 1 |a Albuquerque :  |b University of New Mexico Press,  |c [1982] 
264 4 |c ©1982 
300 |a xiii, 248 pages ;  |c 25 cm. 
336 |a text  |b txt  |2 rdacontent 
337 |a unmediated  |b n  |2 rdamedia 
338 |a volume  |b nc  |2 rdacarrier 
504 |a Includes bibliographical references and index. 
650 0 |a Populism  |z Latin America. 
651 0 |a Latin America  |x Politics and government. 
651 0 |a Russia  |x Politics and government  |y 1894-1917. 
651 0 |a United States  |x Politics and government. 
700 1 |a Conniff, Michael L. 
999 |a MARS 
999 f f |s d629ed10-0c3e-3e30-87ef-36719913597d  |i a33bf5b1-0cf2-3a01-96c5-8b1461d44c73  |t 0 
952 f f |p ric  |a Texas A&M University  |b Rellis Campus  |c Joint Library Facility  |d Remote Storage  |t 0  |e JL966 .L36  |h Library of Congress classification  |i unmediated -- volume  |m A14806151238 
998 f f |a JL966 .L36  |t 0  |l Remote Storage